| 000 | 00603nam a22001937a 4500 | ||
|---|---|---|---|
| 003 | OSt | ||
| 005 | 20251205084735.0 | ||
| 008 | 251205b |||||||| |||| 00| 0 eng d | ||
| 020 | _a0-8385-5573-X. | ||
| 040 |
_aDWCL-Main lib _cOC |
||
| 082 |
_24th ed. _aCirc. 616.075 K26l 1995 |
||
| 100 | _aKee, Joyce Lefever | ||
| 245 |
_aLaboratory 7 diagnostic tests with nursing implications _cKee, Joyce Lefever |
||
| 260 |
_aConn. : _bAppleton & Lange, _cc1995. |
||
| 300 |
_axix, 680 pages ; _c23 cm. |
||
| 650 | _21. Diagnosis, Laboratory. | ||
| 650 | _22. Nursing. | ||
| 942 |
_2ddc _cBK-CIRC _e4th ed. _kCirc. _n0 |
||
| 999 |
_c6966 _d6966 |
||